000 00933nam a2200229Ii 4500
003 JO-AjNU
008 230605s9999||||xx |||||||||||||| ||und||
017 _a2003/9/2077
020 _a9957-11-449-2
040 _aJO-AjNU
_bara
_erda
_cJO-AjNU
041 _aara
050 1 4 _aTS161.A74 2009
100 3 _aعقيلي، عمر وصفي؛ م.مشارك: منعم زمزير الموسوي ، قحطان بدر العبدلي,
_eauthor
_929190
245 0 0 _aإدارة المواد : الشراء والتخزين من منظور كمي
250 _aط4
264 3 1 _aعمان: دار وائل للنشر،2009
300 _a427ص
_bقائمة المراجع ص 409-414 ؛ قائمة المصطلحات باللغة الانجليزية ص 415-422
336 _atext
_btxt
_2rdacontent
337 _aunmediated
_bn
_2rdamedia
338 _avolume
_bnc
_2rdacarrier
650 4 _aادارة الاعمال- الاقتصاد
_929191
999 _aA11416
_c14984
_d14984